000 00335nam a22001457a 4500
008 221014b ||||| |||| 00| 0 eng d
020 _a9780073532127
041 _aeng
080 _2FIFTH EDITION
_a159.9
082 _a159.9
100 _a24.1
101 _aPSI
245 _aPSYCHOLOGY SCIENCE OF MIND
_cPASSER M
942 _2udc
_cBK
999 _c58576
_d58576